Statistiques concernant Les plus gros transferts du football - Saison 2019-2020

Cliquez ici pour prendre le quiz!

Statistiques générales

  • Ce quiz a été pris 87 fois
  • Le résultat moyen est 9 sur 10

Statistiques - réponses

Montant de transfert (M €)NationalitéVenant deAllant àJoueur% Correct
120,00FranceAtlético MadridBarcelonaAntoine Griezmann
99%
115,00BelgiqueChelseaReal MadridEden Hazard
99%
127,20PortugalBenficaAtlético MadridJoão Félix
96%
74,00BelgiqueManchester UnitedInterRomelu Lukaku
94%
86,00Pays-BasAjaxBarcelonaFrenkie de Jong
92%
80,00FranceAtlético MadridBayern MunichLucas Hernández
92%
80,00Côte d'IvoireLOSC LilleArsenalNicolas Pépé
91%
70,00EspagneAtlético MadridManchester CityRodri
91%
87,00AngleterreLeicester CityManchester UnitedHarry Maguire
90%
85,50Pays-BasAjaxJuventusMatthijs de Ligt
90%

Distribution des résultats

Percentile par nombre de réponses

% des personnes avec chaque résultat

Votre développement - résultats

Vous n’avez pas pris ce quiz